ბათუმის შოთა რუსთაველის სახელმწიფო უნივერსიტეტის ბიბლიოთეკა

მცენარეთა ეკოლოგია : (ბიბ.ჩანაწერი № 35357)

000 -ლიდერი
ფიქსირებული სიგრძის საკონტროლო ველი 01363nam a2200241Ia 4500
001 - საკონტროლო ნომერი
საკონტროლო ველი 1210
003 - საკონტროლო ნომრის იდენტიფიკატორი
საკონტროლო ველი GE_BSU
005 - ბოლო ოპერაციის თარიღი და დრო
საკონტროლო ველი 20241004102556.0
008 - ფიქსირებული სიგრძის მონაცემთა ელემენტები - ზოგადი ინფორმაცია
ფიქსირებული სიგრძის საკონტროლო ველი 181216s2003||||ge |||||||||||||| ||geo||
040 ## - კატალოგიზაციის წყარო
Transcribing agency GE_BSU
041 ## - ენის კოდი
Language code of text/sound track or separate title geo
080 ## - უნივერსალური ათობითი კლასიფიკაციის ინდექსი
Universal Decimal Classification number 574(075.8) ჯ-26
100 ## - მთავარი ჩანაწერი - პიროვნების სახელი
Personal name ჯაფარიძე, თ.
9 (RLIN) 10666
245 ## - ცნობა სათაურის შესახებ
Title მცენარეთა ეკოლოგია :
Remainder of title სახელმძღვ. უმაღლ. სასწავლებლების სტუდენტებისათვის /
Statement of responsibility, etc თ. ჯაფარიძე ; რედ. თ. ჩაგელიშვილი ; ბუნების დაცვის მსოფლიო ფონდი, საქართველოში ეკოლ. განათლების განვითარების პროგრამა.
264 ## - წარმოების, გამოცემის, დისტრიბუციის და სხვა ცნობები
გამოცემის, წარმოების, დისტრიბუციის... ადგილი თბილისი :
გამოცემის, წარმოების, დისტრიბუციის... სახელწოდება მეცნიერება,
გამოცემის, წარმოების, დისტრიბუციის... თარიღი 2003.
300 ## - ფიზიკური აღწერა
Extent 330 გვ.
Other physical details ილ., ცხრ. ;
Dimensions 19 სმ.
500 ## - ზოგადი შენიშვნა
General note ტერმინთა ლექსიკონი: გვ. 308–324.
504 ## - BIBLIOGRAPHY, ETC. NOTE
Bibliography, etc ძირითადი ლიტერატურა: გვ. 325–326
653 ## - INDEX TERM--UNCONTROLLED
Uncontrolled term მცენარეთა ეკოლოგია
700 ## - ADDED ENTRY--PERSONAL NAME
Personal name ჩაგელიშვილი, რ.
Relator term რედაქტორი
9 (RLIN) 23315
942 ## - ADDED ENTRY ELEMENTS (KOHA)
Koha item type წიგნი
Source of classification or shelving scheme
ეგზემპლარები
ჩამოწერის სტატუსი დაკარგული ეგზემპლარის სტატუსი კლასიფიკაციის წყარო ან თაროზე გაწყობის სქემა დაზიანების სტატუსი არ გაიცემა მუდმივი მდებარეობა (დაცვის ადგილი) ამჟამინდელი ადგილსამყოფელი თაროზე განთავსების ადგილი შეძენის თარიღი ღირებულება, შესყიდვის ნორმალური ფასი სრული შენახვის შიფრი შტრიხკოდი ბოლო ოპერაციის თარიღი ეგზემპლარის მიმდევრობითი ნომერი (კეტერი?) ფასის ძალაში შესვლის თარიღი ეგზემპლარის სახეობა საჯარო შენიშვნა
          აგრარული და მემბრანული ტექნოლოგიების ინსტიტუტის ბიბლიოთეკა აგრარული და მემბრანული ტექნოლოგიების ინსტიტუტის ბიბლიოთეკა წიგნსაცავი 2018-12-17 12.00 574(075.8) ჯ-26 2669 2018-12-17 2669 2018-12-17 წიგნი 12 ლ.